Consulta sobre si el Obispo puede conmutar una obra pía de este colegio en estas otras obras pías

Detalles Bibliográficos
Otros Autores: Francisco de Monroy y Soler
Formato: Libro
Publicado: Segovia, s.f.
Materias:
Colección:Banco de datos
Acervo:Biblioteca Palafoxiana. Colección de Manuscritos
Descripción Física:2 f. ; 21 x 30 cm.
Tema general:Eclesiástica
LEADER 00453nam a22001450004500
035 |a 1533 
245 1 0 |a Consulta sobre si el Obispo puede conmutar una obra pía de este colegio en estas otras obras pías 
260 |a Segovia, s.f. 
300 |a 2 f. ; 21 x 30 cm.  
650 1 0 |a Eclesiástica 
700 1 |a Francisco de Monroy y Soler 
949 |a 32280/288 
942 |c PALAMANU 
943 |g Biblioteca Palafoxiana. Colección de Manuscritos 
999 |c 1069478  |d 1069478